Дифференциальные уравнения (Запись № 1192039)

Подробности
000 -МАРКЕР
контрольное поле 02242nam0a2200397 4500
001 - ИДЕНТИФИКАТОР ЗАПИСИ
контрольное поле RU\NLR\bibl\813769
005 - ИДЕНТИФИКАТОР ВЕРСИИ
контрольное поле 20260406051642.0
010 ## - МЕЖДУНАРОДНЫЙ СТАНДАРТНЫЙ НОМЕР КНИГИ (ISBN)
Номер (ISBN) 5-9221-0277-X
Уточнения Вып. 6
010 ## - МЕЖДУНАРОДНЫЙ СТАНДАРТНЫЙ НОМЕР КНИГИ (ISBN)
Номер (ISBN) 5-9221-0134-X
021 ## - НОМЕР ГОСУДАРСТВЕННОЙ РЕГИСТРАЦИИ
Код страны Российская Федерация
Номер 2005-10371
Номер Листа государственной регистраци 536
035 ## - ДРУГИЕ СИСТЕМНЫЕ НОМЕРА
Идентификатор записи (NLR Aleph) 000802817
100 ## - ДАННЫЕ ОБЩЕЙ ОБРАБОТКИ
Данные общей обработки 20050629d2005 |||y0rusy50 ca
101 0# - ЯЗЫК РЕСУРСА
Язык текста, звукозаписи и т.д. русский
102 ## - СТРАНА ПУБЛИКАЦИИ ИЛИ ПРОИЗВОДСТВА
Страна публикации Российская Федерация
105 ## - ПОЛЕ КОДИРОВАННЫХ ДАННЫХ: ТЕКСТОВЫЕ МАТЕРИАЛЫ, МОНОГРАФИЧЕСКИЕ
Кодированные данные о монографическом текстовом документе a |||||||||
200 1# - ЗАГЛАВИЕ И СВЕДЕНИЯ ОБ ОТВЕТСТВЕННОСТИ
Основное заглавие Дифференциальные уравнения
Сведения, относящиеся к заглавию учебник для студентов физических специальностей и специальности "Прикладная математика"
Первые сведения об ответственности А.Н. Тихонов, А.Б. Васильева, А.Г. Свешников
Последующие сведения об ответственности [МГУ им. М.В. Ломоносова]
205 ## - СВЕДЕНИЯ ОБ ИЗДАНИИ
Сведения об издании Изд. четвертое, стеор.
Дополнительные сведения об издании [воспроизводится с 3-го изд. 1998 г.]
210 ## - ПУБЛИКАЦИЯ, РАСПРОСТРАНЕНИЕ И ДР.
Место издания, распространения и т.д. М.
Имя издателя, распространителя и т. д. ФИЗМАТЛИТ
Дата издания, распространения и т.д. 2005
215 ## - ФИЗИЧЕСКАЯ ХАРАКТЕРИСТИКА
Специфическое обозначение материала и объем 253 с.
Другие сведения о физической характеристике ил.
Размеры 22
225 1# - СЕРИЯ
Основное заглавие серии Курс высшей математики и математической физики
Сведения об ответственности под ред. А.Н. Тихонова и др.
Обозначение тома Вып. 6
225 1# - СЕРИЯ
Основное заглавие серии Серия Классический университетский учебник
Сведения об ответственности ред. совет: пред. В.А. Садовничий и др.
300 ## - ОБЩИЕ ПРИМЕЧАНИЯ
Текст примечания На авантит.: посвящ. 250-летию Моск. ун-та
320 ## - ПРИМЕЧАНИЯ О НАЛИЧИИ В ДОКУМЕНТЕ БИБЛИОГРАФИИ / УКАЗАТЕЛЯ
Текст примечания Библиогр.: с. 249-250 (28 назв.)
320 ## - ПРИМЕЧАНИЯ О НАЛИЧИИ В ДОКУМЕНТЕ БИБЛИОГРАФИИ / УКАЗАТЕЛЯ
Текст примечания Предм. указ.: с. 251-253
606 1# - НАИМЕНОВАНИЕ ТЕМЫ КАК ПРЕДМЕТ
Наименование темы Дифференциальные уравнения
Формальный подзаголовок Учебники для высших учебных заведений
Системный номер авторитетной/нормативной записи 1261155
Идентификатор авторитетной/нормативной записи RU\NLR\auth\66200289
686 ## - ИНДЕКСЫ ДРУГИХ КЛАССИФИКАЦИЙ
Индекс В161.6я73-1
700 #1 - ИМЯ ЛИЦА - ПЕРВИЧНАЯ ОТВЕТСТВЕННОСТЬ
Код отношения Автор
Материалы, к которым относится поле rus
Графика поля Кириллица
Начальный элемент ввода Тихонов
Часть имени, кроме начального элемента ввода А.Н.
Дополнения к именам, кроме дат математик
Даты 1906-1993
Расширение инициалов личного имени Андрей Николаевич
Идентификатор авторитетной/нормативной записи RU\NLR\auth\776865
Системный номер авторитетной/нормативной записи 116812
701 #1 - ИМЯ ЛИЦА - АЛЬТЕРНАТИВНАЯ ОТВЕТСТВЕННОСТЬ
Код отношения Автор
Материалы, к которым относится поле rus
Графика поля Кириллица
Начальный элемент ввода Васильева
Часть имени, кроме начального элемента ввода А. Б.
Дополнения к именам, кроме дат д-р физ.-мат. наук
Даты 1926-
Расширение инициалов личного имени Аделаида Борисовна
Идентификатор авторитетной/нормативной записи RU\NLR\auth\7728262
Системный номер авторитетной/нормативной записи 11293
701 #1 - ИМЯ ЛИЦА - АЛЬТЕРНАТИВНАЯ ОТВЕТСТВЕННОСТЬ
Начальный элемент ввода Свешников
Часть имени, кроме начального элемента ввода А. Г.
Расширение инициалов личного имени Алексей Георгиевич
Код отношения Автор
801 #0 - ИСТОЧНИК ЗАПИСИ
Страна Российская Федерация
Организация NLR
Дата составления 20050629
Правила каталогизации rcr
801 #1 - ИСТОЧНИК ЗАПИСИ
Страна Российская Федерация
Организация NLR
Дата составления 20050629
830 ## - ОБЩЕЕ ПРИМЕЧАНИЕ, СОСТАВЛЕННОЕ КАТАЛОГИЗАТОРОМ
Текст примечания Авт. по кн.
942 ## - ДОПОЛНИТЕЛЬНЫЕ ЭЛЕМЕНТЫ ЗАПИСИ (АБИС)
Тип экземпляра АБИС Книга
980 ## - КОЛЛЕКЦИЯ
Название коллекции Национальная библиография
Экземпляры
Тип экземпляра Дата поступления Источник поступления Библиотека постоянного хранения Библиотека текущего хранения Место хранения Шифр хранения Штрих-код Статус экземпляра Стоимость
Книга 29.06.2005 Обязательный экземпляр РНБ (Московский) РНБ (Московский) Русский книжный фонд: издания с 1957 года 2005-5/4460 946764    
Книга 29.06.2005 Обязательный экземпляр РНБ (Московский) РНБ (Московский) Русский книжный фонд: издания с 1957 года 2005-5/4460 946765    
Книга 19.01.2006 Покупка РНБ (Московский) РНБ (Московский) Фонд общего зала литературы по технике Т1 В161.6/Т-464 1-176518   156.00
Книга 07.12.2006 Покупка РНБ (Московский) РНБ (Московский) Фонд научного зала литературы по технике Т2 В161.6/Т-464 1-284893   148.28